NLSUI OPAC header image

Reconstructing criminal law : Critical perspectives on crime and the criminal process (Record no. 14966)

MARC details
000 -LEADER
fixed length control field 00447nam a2200157Ia 4500
008 - FIXED-LENGTH DATA ELEMENTS--GENERAL INFORMATION
fixed length control field 160316s1998 xxu||||| |||| 00| 0 eng d
082 ## - DEWEY DECIMAL CLASSIFICATION NUMBER
Classification number 345.000000
Item number LAC-4
100 ## - MAIN ENTRY--PERSONAL NAME
Personal name Lacey Nicola
245 ## - TITLE STATEMENT
Title Reconstructing criminal law : Critical perspectives on crime and the criminal process
250 ## - EDITION STATEMENT
Edition statement
260 ## - PUBLICATION, DISTRIBUTION, ETC.
Place of publication, distribution, etc. London
Name of publisher, distributor, etc. Butterworths
Date of publication, distribution, etc. 1998
300 ## - PHYSICAL DESCRIPTION
Extent 659p
Other physical details
Dimensions
365 ## - TRADE PRICE
Price amount
650 ## - SUBJECT ADDED ENTRY--TOPICAL TERM
Topical term or geographic name entry element 1.Criminal Law - Process
700 ## - ADDED ENTRY--PERSONAL NAME
Personal name Wells Celia
--
Holdings
Withdrawn status Lost status Damaged status Not for loan Home library Current library Shelving location Date acquired Total Checkouts Full call number Barcode Date last seen Price effective from Koha item type
        . . Xerox Bound Volumes 30.05.2017   345 LAC-4 XB764 30.05.2017 30.05.2017 Rare collections